| 000 | 00554nam a2200193Ia 4500 | ||
|---|---|---|---|
| 005 | 20250326144950.0 | ||
| 008 | 250326s9999 xx 000 0 und d | ||
| 020 | _a81-297-0412-9 | ||
| 037 | _aTextbook | ||
| 040 |
_aFMSL _beng _cFMSL |
||
| 041 |
_aeng _2eng |
||
| 084 |
_aX8(A):8y7 P4 _qFMSL |
||
| 100 |
_aJones G R _9750389 |
||
| 245 | 0 |
_aOrganizational theory, design, and change _cJones G R |
|
| 260 |
_aNew Delhi _bNew Delhi, Pearson Education _c2004 |
||
| 300 | _a592p | ||
| 942 |
_cTB _hX8(A):8y7 P4 |
||
| 999 |
_c1305829 _d1305829 |
||